Представление документа в формате MARC21

Поле Инд. ПП Название Значение
Тип записи a
Библиографический уровень m
001 Контрольный номер RU/IS/BASE/331741312
005 Дата корректировки 20220708110945.2
040 b Код языка каталог. rus
041 0_ a Код языка текста rus
080 a Индекс УДК 004.42
084 a Индекс другой классификации/Индекс ББК 32.973.26-018.2
090 a Полочн. индекс 681.3
c Каталожный индекс 681.3.06
x Авторский знак Л59
097 b Оператор 11
100 1_ a Автор Лингер Р.
245 10 a Заглавие Теория и практика структурного программирования
c Ответственность пер. с англ.
260 a Место издания М.
b Издательство Мир
c Дата издания 1982
300 a Объем 406 с.
510 a Примечание о ссылках Книги и методические пособия
650 a Основная рубрика 50.05 Теоретические основы программирования
x Основная подрубрика 50.05.03 Общетеоретические вопросы программирования
653 a Ключевые слова программирование
901 t Тип документа m